000 01178nam a2200289Ia 4500
003 OSt
005 20221005110549.0
006 a|||||r|||| 00| 0
007 ta
008 221004b |||||||| |||| 00| 0 hin d
020 _a9788126320615 (hbk)
_cINR 140.00
024 _a37727
037 _bBW/1689, 15/03/2018, Bookwell
_cTextual
040 _aCRL
_cCRL
_bhin
041 _2hin
_ahin
082 _aO152,8N56x, Q0
100 _aमंडलेकर, कैलाश, ले.
245 0 _aएक अधूरी प्रेम कहानी का दुखान्त
246 _aEk adhūrī prem kahānī kā dukhānta
260 _aनई दिल्ली
_bभारतीय ज्ञानपीठ भारत
_c2010
300 _a119पृ0
_ccm.
490 _aलोकोदय ग्रन्थमाला; ग्रन्थांक 1061
650 _a हिन्दी साहित्य
650 _aहिन्दी हास्य व्यग्ंय
942 _hO152,8N56x, Q0
_cTEXL
_2cc
999 _c1019218
_d1019218